Faculty of Law Library — Cairo University

Official Online Catalog

Constitutional law: cases and other problems (Record no. 46367)

MARC details
000 -LEADER
fixed length control field 01086cac a22003371i 4500
003 - CONTROL NUMBER IDENTIFIER
control field EG-GICUC
005 - DATE AND TIME OF LATEST TRANSACTION
control field 20260121101350.0
008 - FIXED-LENGTH DATA ELEMENTS--GENERAL INFORMATION
fixed length control field 760506s1961 mau fr 000 0 eng d
040 ## - CATALOGING SOURCE
Original cataloging agency DLC
Transcribing agency MRI
Modifying agency DLC
-- EG-GICUC
Language of cataloging eng
Description conventions rda
050 00 - LIBRARY OF CONGRESS CALL NUMBER
Classification number KF4549
Item number .F7 1961
082 00 - DEWEY DECIMAL CLASSIFICATION NUMBER
Classification number 342.073
Edition number 21
092 04 - LOCALLY ASSIGNED DEWEY CALL NUMBER (OCLC)
Edition number 21
099 ## - LOCAL FREE-TEXT CALL NUMBER (OCLC)
Classification number Law 08 1961
245 00 - TITLE STATEMENT
Title Constitutional law: cases and other problems
Statement of responsibility, etc. Paul A. Freund... [et-al]
Number of part/section of a work Volume 1
250 ## - EDITION STATEMENT
Edition statement 2d edition.
264 ## - PRODUCTION, PUBLICATION, DISTRIBUTION, MANUFACTURE, AND COPYRIGHT NOTICE
Place of production, publication, distribution, manufacture Boston,
Name of producer, publisher, distributor, manufacturer Little, Brown,
Date of production, publication, distribution, manufacture, or copyright notice 1961.
300 ## - PHYSICAL DESCRIPTION
Extent 2 volumes ;
Dimensions 26cm.
336 ## - CONTENT TYPE
Content type term text
Content type code txt
Source rdacontent
337 ## - MEDIA TYPE
Media type term unmediated
Media type code n
Source rdamedia
338 ## - CARRIER TYPE
Carrier type term volume
Carrier type code nc
Source rdacarrier
490 0# - SERIES STATEMENT
Series statement Law school casebook series
500 ## - GENERAL NOTE
General note Volume 1 (lxiii, 824 pages)
650 #0 - SUBJECT ADDED ENTRY--TOPICAL TERM
Topical term or geographic name entry element Constitutional law
Geographic subdivision United States
General subdivision Cases.
700 1# - ADDED ENTRY--PERSONAL NAME
Personal name Freund. Paul A.,
Relator term Author.
700 1# - ADDED ENTRY--PERSONAL NAME
Personal name Sutherland, Arthur E.,
Relator term Author.
700 1# - ADDED ENTRY--PERSONAL NAME
Personal name Howe, Mark DeWolfe,
Relator term Author.
700 1# - ADDED ENTRY--PERSONAL NAME
Personal name Brown, Ernest J.,
Relator term Author.
856 40 - ELECTRONIC LOCATION AND ACCESS
Uniform Resource Identifier <a href="https://fll.law.cu.edu.eg/fulltext/bks/ENGB08-00041.pdf">https://fll.law.cu.edu.eg/fulltext/bks/ENGB08-00041.pdf</a>
905 ## - Cataloger and Reviser Names
Cataloger Name: Hend El khosy
942 ## - ADDED ENTRY ELEMENTS (KOHA)
Source of classification or shelving scheme Dewey Decimal Classification
Koha item type Books
Edition 21
Suppress in OPAC No
Holdings
Withdrawn status Lost status Source of classification or shelving scheme Materials specified (bound volume or other part) Damaged status Not for loan Collection Home library Current library Date acquired Total checkouts Full call number Barcode Date last seen Copy number Price effective from Koha item type Public note
    Dewey Decimal Classification V1     القانون الدستوري جــــامعة القــاهرة مكتبة كلية الحقوق - فـرع الشيخ زايد 27.11.2025   Law2 08 342.073 CO 2 ed - 1961 0800041 V1 , C1 ENGB08-00041 27.11.2025 1 27.11.2025 Books 1004

© All rights reserved — Faculty of Law, Cairo University